Geography by 3-Letter words - Statistics

General Stats
  • This quiz has been taken 46 times
  • The average score is 17 of 30
Answer Stats
Question Réponse % Correct
Canadian province Manitoba
88%
African island nation Madagascar
85%
Capital city in the Himalayas (K) Kathmandu
83%
Canadian city and island Vancouver
83%
Country in Oceania Vanuatu
83%
Central American capital city Managua
78%
European capital city Madrid
73%
Borough of New York Manhattan
73%
Euro-Asian mega-city Istanbul
71%
Caribbean country Barbados
66%
Autonomous Spanish region (C) Catalonia
66%
Asian capital city Islamabad
66%
North-Central European country Germany
63%
US state capital city Madison
61%
Middle Eastern Capital city (C) Muscat
61%
Moroccan city Tangier
59%
Autonomous Portuguese island region Madeira
56%
City on the island of Sicily (C) Catania
51%
City in Poland (K) Katowice
49%
Former name of Chennai Madras
49%
Former Asian empire Ottoman Empire
49%
Smallest Asian 'tan' country by area Bhutan
44%
US State Montana
44%
Second largest Serbian city (by population) Novi Sad
41%
Asian capital city Yerevan
41%
Southern German state Baden Württemberg
39%
British territory in the Caribbean Cayman Islands
34%
North American capital city Havana
29%
US State Pennsylvania
29%
California city Pasadena
12%
No matching quizzes found
Score Distribution
Percent of People with Each Score
Percentile by Number Answered
Your Score History
You have not taken this quiz